Central Library OPAC University of Rajshahi

শাহ ওয়ালীউল্লাহ দেহলভী রচিত হুজ্জাতুল্লাহিল বালিগাহ = (Hujjatullahil Baligah by Shah Waliullah Dehlawi) : (Record no. 85404)

MARC details
000 -LEADER
fixed length control field 01675nam a2200265 a 4500
001 - CONTROL NUMBER
RUCL Control Number 85404
003 - CONTROL NUMBER IDENTIFIER
rucl marc code BD-RjUL
005 - DATE AND TIME OF LATEST TRANSACTION
control field 20250803102336.0
008 - FIXED-LENGTH DATA ELEMENTS--GENERAL INFORMATION
fixed length control field 250731s2024 bg ||||| m||| 00| 0 ben d
035 ## - SYSTEM CONTROL NUMBER
system control number (BD-RjUL)85404
040 ## - CATALOGING SOURCE
Original cataloging agency BD-RjUL
Language of cataloging ben /eng
Transcribing agency BD-RjUL
Modifying agency BD-RjUL
041 ## - LANGUAGE CODE
Language code of Book ben
082 ## - DEWEY DECIMAL CLASSIFICATION NUMBER
DDC Edition number 23
Classification number 297.2
Author mark and Year MUS 2024
100 ## - MAIN ENTRY--PERSONAL NAME
Personal name হুসাইন, মুকাররম
9 (RLIN) 16384
245 10 - TITLE STATEMENT
Title শাহ ওয়ালীউল্লাহ দেহলভী রচিত হুজ্জাতুল্লাহিল বালিগাহ = (Hujjatullahil Baligah by Shah Waliullah Dehlawi) :
Remainder of title বিষয়বস্তু ও ভাষাশৈলীর মূল্যায়ন = (an evaluation of subject matter and language) /
Statement of responsibility, etc মুকাররম হুসাইন ;
Name of Supervisor/Co-Supervisor তত্ত্বাবধায়ক : ইফতিখারুল আলম মাসউদ
260 ## - PUBLICATION, DISTRIBUTION, ETC. (IMPRINT)
Place of publication, distribution, etc রাজশাহী :
Name of publisher, distributor, etc আরবী বিভাগ, রাজশাহী বিশ্ববিদ্যালয়,
Date of publication, distribution, etc ২০২৪
300 ## - PHYSICAL DESCRIPTION
Pagination xxiii, ৩৩০ পাতা ;
Dimensions ২৯ সেমি.
502 ## - DISSERTATION NOTE
Dissertation note থিসিস (পিএইচ. ডি.) -- আরবী বিভাগ, রাজশাহী বিশ্ববিদ্যালয়, ২০২৪
504 ## - BIBLIOGRAPHY, ETC. NOTE
Bibliography, etc গ্রন্থপঞ্জী : পাতা ৩১৮-৩৩০
600 ## - SUBJECT ADDED ENTRY--PERSONAL NAME
Personal name Walī Allāh al-Dihlawī,
Dates associated with a name 1702 or 1703-1762 or 1763.
-- 16400
650 ## - SUBJECT ADDED ENTRY--TOPICAL TERM
Topical term or geographic name as entry element Islam
Form subdivision Early works to 1800.
Topical term or geographic name as entry element Sufism
Form subdivision Early works to 1800
9 (RLIN) 176
700 ## - ADDED ENTRY--SUPERVISOR/CO-SUPERVISOR NAME
Personal name মাসউদ, ইফতিখারুল আলম, তত্ত্বাবধায়ক
9 (RLIN) 1549
942 ## - ADDED ENTRY ELEMENTS (KOHA)
Source of classification or shelving scheme Dewey Decimal Classification
Koha item type Theses
Holdings
Source of classification or shelving scheme Damaged status Not for loan Collection code Permanent Location Current Location Shelving location Date of accession Source of acquisition Total Checkouts Full call number Barcode Date last seen Copy number Thesis
Dewey Decimal Classification   Not For Loan Theses Central Library, University of Rajshahi Central Library, University of Rajshahi Documentation Section 30/07/2025 Controller of Examination Office, University of Rajshahi, Rajshahi.   BTHE 297.2 MUS 2024 D5184 03/08/2025 C-1 Theses